00609nam a2200169Ia 4500001000900000003000500009008004100014010001100055040000900066100002700075245015700102260006100259300001100320410002500331650003300356710005000389Para_321CHAP220125s1988 xx 000 0 und d a199076 cCHAP aMontes M., Ma. Eugenia aVariedades sobresalientes de uva de mesa y prácticas de manejo para mejorar su calidad en la región de Delicias, Chih. /c por Ma. Eugenia Montes M aDelicias, Chih. :b INIFAP. Campo Experimental Delicias a13 p. aFolleto técnico; 4 aUva x variedadesxChihuahua aINIFAP. México. Campo Experimental Delicias